| 000 | 01373nam a2200349 a 4500 | ||
|---|---|---|---|
| 001 | ebr10445314 | ||
| 003 | CaPaEBR | ||
| 006 | m u | ||
| 007 | cr cn||||||||| | ||
| 008 | 110215s2010 enkab sb 001 0beng d | ||
| 020 | _z9781848851429 | ||
| 020 | _z9780857718556 (e-book) | ||
| 040 |
_aCaPaEBR _cCaPaEBR |
||
| 035 | _a(OCoLC)701061323 | ||
| 043 | _ae-xr--- | ||
| 050 | 1 | 4 |
_aBX4917 _b.F83 2010eb |
| 100 | 1 | _aFudge, Thomas A. | |
| 245 | 1 | 0 |
_aJan Hus _h[electronic resource] : _breligious reform and social revolution in Bohemia / _cThomas A. Fudge. |
| 260 |
_aLondon : _bI.B. Tauris, _c2010. |
||
| 300 |
_axvi, 367 p. : _bill., maps. |
||
| 504 | _aIncludes bibliographical references and index. | ||
| 533 |
_aElectronic reproduction. _bPalo Alto, Calif. : _cebrary, _d2011. _nAvailable via World Wide Web. _nAccess may be limited to ebrary affiliated libraries. |
||
| 600 | 1 | 0 |
_aHus, Jan, _d1369?-1415. |
| 650 | 0 |
_aReformation _zCzech Republic _zBohemia _vBiography. |
|
| 650 | 0 |
_aChurch history _yMiddle Ages, 600-1500. |
|
| 650 | 0 |
_aReformation _xEarly movements. |
|
| 650 | 0 | _aHussites. | |
| 651 | 0 |
_aBohemia (Czech Republic) _xChurch history. |
|
| 655 | 7 |
_aElectronic books. _2local |
|
| 710 | 2 | _aebrary, Inc. | |
| 856 | 4 | 0 |
_uhttp://site.ebrary.com/lib/rucke/Doc?id=10445314 _zAn electronic book accessible through the World Wide Web; click to view |
| 999 |
_c136266 _d136266 |
||